| 000 | 01270nam a2200373 a 4500 | ||
|---|---|---|---|
| 001 | vtls001392219 | ||
| 003 | NLI | ||
| 005 | 20210627112834.0 | ||
| 008 | 121012 2004 ii g 000 f eng d | ||
| 020 |
_a8187649291 (pbk) _cRs. 250.00 |
||
| 039 | 9 |
_y201210121921 _ztarapadan |
|
| 040 |
_aNLI _beng |
||
| 041 |
_aeng _hhin |
||
| 044 | _aii | ||
| 082 | 0 | 4 |
_a891.433 _222 |
| 100 | 1 |
_aSaraogi, Alka _9954490 |
|
| 245 | 1 | 0 |
_aOver to you, Kadambari/ _cAlka Saraogi; translated by Vandana R. Singh; edited by Geeta Dharmarajan |
| 246 | 3 | 0 | _aKadambari |
| 260 |
_aNew Delhi: _bKatha, _c2004 |
||
| 300 |
_a222 p. ; _c21 cm. |
||
| 504 | _aIncludes bibliographical references | ||
| 650 | 0 |
_aHindi fiction _xTranslations into English _9733647 |
|
| 650 | 0 |
_aEnglish fiction _xTranslated from Hindi _9905293 |
|
| 700 | 1 |
_aSingh, Vandana R., _4trl _9974022 |
|
| 700 | 1 |
_aDharmarajan, Geeta, _4edt _9974023 |
|
| 887 | _aTarapada Naskar | ||
| 901 |
_aDB 127577 : _b02.12.2011 |
||
| 902 | _aE 891.433 Sa 74 | ||
| 904 | _aTarapada Naskar | ||
| 949 |
_AVIRTUAITEM _D10012 _X100 _6DBA000127577ENG |
||
| 942 |
_2ddc _cBKS |
||
| 999 |
_aVIRTUA40 _c855366 _d855366 |
||
| 999 | _aVTLSSORT0080*0200*0400*0410*0440*0820*1000*2450*2460*2600*3000*5040*6500*6501*7000*7001*8520*9010*9020*9040*9992 | ||